书目信息 |
| 题名: |
正念钢琴家
|
|
| 作者: | 坦纳 著 ;周世斌 , 江媛 主编 | |
| 分册: | ||
| 出版信息: | 重庆 西南大学出版社 2024.05 |
|
| 页数: | 147页 | |
| 开本: | 24cm | |
| 丛书名: | 提高你的音乐教学能力丛书 | |
| 单 册: | ||
| 中图分类: | J624.16 | |
| 科图分类: | ||
| 主题词: | 钢琴课教学--教学研究 | |
| 电子资源: | ||
| ISBN: | 978-7-5697-1904-8 | |
| 000 | 00986oam2 2200301 450 | |
| 001 | 012693678 | |
| 005 | 20251022200127.41 | |
| 010 | @a978-7-5697-1904-8@dCNY52.00 | |
| 100 | @a20240913d2024 em y0chiy0120 ea | |
| 101 | 1 | @achi@ceng |
| 102 | @aCN@b500000 | |
| 105 | @ag z 000yy | |
| 106 | @ar | |
| 200 | 1 | @a正念钢琴家@9zheng nian gang qin jia@dThe mindful pianist@f(英)马克·坦纳(Mark Tanner)著@g江媛译@zeng |
| 210 | @a重庆@c西南大学出版社@d2024.05 | |
| 215 | @a147页@d24cm | |
| 225 | 1 | @a提高你的音乐教学能力丛书 |
| 300 | @a原版引进 | |
| 330 | @a本书分为专注、练习、演奏、投入四个部分,阐述了正念技巧练习和概念。 | |
| 461 | 0 | @12001 @a提高你的音乐教学能力丛书 |
| 510 | 1 | @aMindful pianist@zeng |
| 606 | 0 | @a钢琴课教学@x教学研究 |
| 690 | @aJ624.16@v5 | |
| 701 | 0 | @c(英)@a坦纳@9tan na@c(Tanner, Mark)@4著 |
| 702 | 0 | @a周世斌@9zhou shi bin@4主编 |
| 702 | 0 | @a江媛@9jiang yuan@4译 |
| 801 | 0 | @aCN@c20250905 |
| 905 | @a河南城建学院图书馆@dJ624.1@eT155@ZT155@f1 | |
| 正念钢琴家=The mindful pianist/(英)马克·坦纳(Mark Tanner)著/江媛译.-重庆:西南大学出版社,2024.05 |
| 147页;24cm.-(提高你的音乐教学能力丛书) |
| 原版引进 |
| ISBN 978-7-5697-1904-8:CNY52.00 |
| 本书分为专注、练习、演奏、投入四个部分,阐述了正念技巧练习和概念。 |
| ● |
| 相关链接 |
|
|
|
正题名:正念钢琴家
索取号:J624.1/T155
 
预约/预借
| 序号 | 登录号 | 条形码 | 馆藏地/架位号 | 状态 | 备注 |
| 1 | 1631508 | 216315084 | 社科库309/309社科库 92排4列6层/ [索取号:J624.1/T155] | 在馆 |